Quel est le pays d'origine de ces artistes/groupes ? - Statistiques

Statistiques générales
  • Ce quiz a été pris 18 fois
  • Le résultat moyen est 20 sur 50
Statistiques - réponses
Hint Réponse % Correct
The Police Royaume-Uni
72%
The Beatles Royaume-Uni
72%
Nirvana États-Unis
67%
Rolling Stones Royaume-Uni
67%
Scorpions Allemagne
61%
Pink Floyd Royaume-Uni
61%
Kraftwerk Allemagne
56%
AC/DC Australie
56%
Aerosmith États-Unis
56%
Metallica États-Unis
56%
U2 Irlande
56%
The Cranberries Irlande
56%
Queen Royaume-Uni
56%
The Clash Royaume-Uni
56%
Nina Hagen Allemagne
50%
Linkin Park États-Unis
50%
Iggy Pop États-Unis
50%
The Who Royaume-Uni
50%
The Cure Royaume-Uni
50%
Sex Pistols Royaume-Uni
50%
Depeche Mode Royaume-Uni
50%
Genesis Royaume-Uni
44%
Radiohead Royaume-Uni
44%
Oasis Royaume-Uni
44%
Fleetwood Mac États-Unis
39%
The Doors États-Unis
39%
Green Day États-Unis
39%
Guns N'Roses États-Unis
39%
The Pogues Royaume-Uni
39%
INXS Australie
33%
Tame Impala Australie
33%
Dropkick Murphys États-Unis
33%
Led Zeppelin Royaume-Uni
33%
Dire Straits Royaume-Uni
33%
Neil Young Canada
28%
R.E.M. États-Unis
28%
Creedence Clearwater Revival États-Unis
28%
Talking Heads États-Unis
28%
Black Sabbath Royaume-Uni
28%
Deep Purple Royaume-Uni
28%
Supertramp Royaume-Uni
28%
Nickelback Canada
17%
Rush Canada
17%
Arcade Fire Canada
17%
Iron Maiden Royaume-Uni
17%
Cream Royaume-Uni
17%
Thin Lizzy Irlande
11%
Sum 41 Canada
6%
Motörhead Royaume-Uni
6%
Tangerine Dream Allemagne
0%
Aucun quiz correspondant
Distribution des résultats
% des personnes avec chaque résultat
Percentile par nombre de réponses
Votre historique - résultats
Vous n’avez pas pris ce quiz